000 00797nam a22002177a 4500
003 UA-OsUOA
001 94705
007 ta
008 20130218b un ||||| |||| 00| 0 ukr d
100 _aРудненко т.
090 _a330(477)
_bР83
942 _cSA
040 _aUA-OsUOA
_bukr
_cUA-OsUOA
_dUA-OsUOA
245 _aБорги сплачують не слабкі. Цінні папери. Непродумані законодавчі новації руйнують вексельний обіг в Україні. Фінансування ВВП різними інструментами, в тому числі вексклями
300 _aС.6
955 _a0
041 _aukr
080 _a330(477)
773 0 _w94703
650 7 _a330 Економіка взагалі
_2UDC
999 _c380948
_d380948